Govt. of
Madhya Pradesh

I AM THAT, Talks on the Isa Upanishad (Record no. 67690)

MARC details
000 -LEADER
fixed length control field 00260nam a22001097a 4500
082 ## - DEWEY DECIMAL CLASSIFICATION NUMBER
Classification number 100/OSH
100 ## - MAIN ENTRY--AUTHOR NAME
Personal name Osho
245 ## - TITLE STATEMENT
Title I AM THAT, Talks on the Isa Upanishad
260 ## - PUBLICATION, DISTRIBUTION, ETC. (IMPRINT)
Place of publication Mumbai
Name of publisher JaicoPublishing House
Year of publication 2018
650 ## - SUBJECT ADDED ENTRY--TOPICAL TERM
Topical Term philosophy
942 ## - ADDED ENTRY ELEMENTS (KOHA)
Koha item type Books
Holdings
Withdrawn status Lost status Damaged status Not for loan Home library Current library Date acquired Cost, normal purchase price Full call number Accession Number Price effective from Koha item type
        MACL MACL 24/10/2024 599.00 100/OSH DPI003021 24/10/2024 Books